[Event "Olympiad-36"]
[Site "Mallorca"]
[Date "2004.10.15"]
[Round "1"]
[White "Dominguez, Jose Manuel"]
[Black "Kaidanov, Gregory S"]
[Result "0-1"]
[WhiteElo "2353"]
[BlackElo "2611"]
[Annotator "Finkel,A"]
[PlyCount "88"]
[EventDate "2004.10.15"]
[EventType "team-swiss"]
[EventRounds "14"]
[EventCountry "ESP"]
[SourceTitle "CBM 104"]
[Source "ChessBase"]
[SourceDate "2005.01.27"]
[SourceVersion "1"]
[SourceVersionDate "2005.01.27"]
[SourceQuality "1"]
[WhiteTeam "Dominican Rep"]
[BlackTeam "US of America"]
[WhiteTeamCountry "DOM"]
[BlackTeamCountry "USA"]

1. d4 d5 2. Nf3 Nf6 3. Bf4 c5 4. e3 Qb6 5. Qc1 Nc6 6. c3 Bf5 7. Nbd2 h6 8. dxc5
{Starting interesting complications which turn out to lead to a position with
mutual chances.} (8. h3 e6 9. Be2 (9. dxc5 Bxc5 10. Nb3 O-O 11. Nxc5 Qxc5 12.
Be2 Rfe8 13. Ne5 Nxe5 14. Bxe5 Nd7 15. Bg3 e5 16. Qd2 Nf6 $11 {Lauer,
B-Chandler,P/Germany 2002}) 9... Be7 10. Ne5 Nxe5 11. Bxe5 Rc8 12. O-O O-O 13.
dxc5 Qxc5 14. Nb3 Qb6 15. Rd1 Bg6 $11 {Lange,H-Koester,P/Templin 2004}) (8. Ne5
e6 9. Bd3 Bxd3 10. Nxd3 c4 11. Ne5 Nxe5 12. Bxe5 Be7 13. O-O O-O 14. b3 Qc6 {
1/2-1/2 Lange,H-Fritze,B/Germany 1996}) (8. Be2 e6 9. O-O Be7 10. Bd1 O-O 11.
Bc2 Bxc2 12. Qxc2 Rac8 13. Qb3 {1/2-1/2 Dizdarevic,E-Cvitan,O/Solin/Spilt 2003}
) 8... Qxc5 9. Nd4 (9. Nb3 Qb6 10. Nbd4 Be4 11. Bb5 a6 12. Ba4 Nd7 13. Bg3 Rc8
14. O-O Nc5 15. Bc2 e6 16. Ne5 Nxe5 17. Bxe5 Nd3 18. Bxd3 Bxd3 $13 {Szuhai,
B-Horvath,M/Hungary 1992}) 9... Bh7 10. Bc7 $5 {[%csl Rc5][%cal Gd2b3]
Intending to trap the queen if black isn't cautious enough!} e6 11. Nb5 {
[%cal Gd2b3,Gb5d6]} Kd7 $5 {Kaidanov is initiating complications.} (11... Ne4
12. Nxe4 Bxe4 13. b4 Qe7 14. Bd6 (14. Bg3 $2 e5 $17) 14... Qf6 15. Bxf8 (15.
Nc7+ Kd7 16. Bxf8 Raxf8 17. Nb5 Rc8 $17) 15... Kxf8 16. Nd6 Ne5 $132) 12. Nb3
Qe7 13. Bd6 Qd8 14. Nc5+ Kc8 15. Bc7 {Hoping that black is ready to settle for
the repetition of moves!} (15. Bxf8 Qxf8 16. Nd3 e5 17. Be2 Qe7 18. O-O $13)
15... Qe8 (15... Qe7 16. Bd6 Qd8 $11) 16. Nd6+ Bxd6 17. Bxd6 Na5 18. Nd3 (18.
Bg3) 18... Nc4 19. Bb4 $6 {Starting quite strange manouvres with the bishop.} (
19. Bg3) 19... a5 20. Bc5 Qc6 21. Be7 Ne4 22. b3 Re8 23. Bh4 Ncd6 24. Qb2 Nf5
$6 ({The bishop is cut off on h4 so I doubt that wasting a couple of tempi
just to trade it is a good idea.} 24... e5 $142 $15 {[%csl Rh4]}) 25. Bg3 Nfxg3
26. hxg3 Kb8 27. Rc1 a4 28. c4 axb3 29. axb3 f6 30. c5 $2 {White finally
cracks under the pressure. After the correct} (30. Be2 dxc4 31. Rxc4 Qd5 32.
O-O Nxg3 33. Nf4 Nxe2+ 34. Qxe2 Qe5 35. Qd2 $44 {white is doing fine due to
his active pieces and exposed position of the black king.}) 30... Qb5 $1 $17 {
[%csl Rd3,Re1][%cal Ge4g3] Now white is in troubles since he has no
satisfactory defense against N:g3.} 31. b4 Nxg3 32. fxg3 Bxd3 33. Bxd3 (33. Kf2
) 33... Qxd3 34. Kf2 Ra3 $19 35. Rhe1 Kc7 36. b5 Rea8 37. Re2 Rb3 38. b6+ Kc6
39. Qd4 Raa3 40. Qf4 Qf5 41. Qxf5 exf5 42. Kf3 d4 43. Kf4 Rxe3 44. Rxe3 Rxe3
0-1

[Event "EU-Cup 18th"]
[Site "Kallithea"]
[Date "2002.09.23"]
[Round "2.2"]
[White "Beaumont, Chris"]
[Black "Kishnev, Sergey"]
[Result "1-0"]
[WhiteElo "2318"]
[BlackElo "2497"]
[Annotator "Finkel,A"]
[PlyCount "59"]
[EventDate "2002.09.22"]
[EventType "team-swiss"]
[EventRounds "7"]
[EventCountry "GRE"]
[SourceTitle "CBM 092"]
[Source "ChessBase"]
[SourceDate "2003.02.06"]
[SourceVersion "1"]
[SourceVersionDate "2003.02.06"]
[SourceQuality "1"]
[WhiteTeam "Bristol"]
[BlackTeam "Eupen Rochade"]
[WhiteTeamCountry "ENG"]
[BlackTeamCountry "BEL"]

1. d4 d5 2. Nf3 c5 3. dxc5 e6 4. b4 $5 {White opted for quite unusual opening
variation. Arising position is similar to one of the variations of slav
defense with reversed colors.} (4. e3 Nc6 5. c4 Nf6 6. a3 Bxc5 7. b4 Be7 8. Bb2
O-O 9. Nbd2 a6 10. c5 Qc7 11. Nd4 e5 12. Nxc6 bxc6 13. Nf3 Nd7 14. Be2 f5 15.
O-O e4 $13 {Cruz,R-Benko,F/Buenos Aires 1960}) (4. Bg5 f6 (4... Nf6 5. e4 (5.
c4 $6 Bxc5 6. e3 Qa5+ 7. Nbd2 Ne4 8. cxd5 exd5 9. Bf4 Bg4 $36 {Djurkovic,
M-Susnik,M/SLO-sf 1994}) (5. e3 Bxc5 6. c3 Nc6 7. Nbd2 a6 8. Be2 Be7 9. O-O O-O
10. Qc2 Bd7 11. Rad1 Rc8 $11 {Hobart,S-Levin,D/World op 1992 (26)}) 5... Bxc5
6. e5 $5 Bxf2+ 7. Ke2 Qb6 8. exf6 gxf6 9. Bc1 Bd7 10. Nc3 Na6 $44 {[%csl Re2]
Kramnik,V-Seirawan,Y/Monaco Amber blind 1994}) 5. Bd2 Bxc5 6. c4 Ne7 7. e3 O-O
8. Nc3 Nbc6 9. cxd5 Nxd5 10. Qb1 f5 11. Be2 Qe7 12. O-O Nxc3 13. Bxc3 e5 $11 {
Hort,V-Polgar,Z/Biel 1987}) (4. Be3 $5 Nd7 (4... Na6 5. c4 Nf6 6. Nc3 Bxc5 7.
Bxc5 Nxc5 8. cxd5 exd5 9. g3 O-O 10. Bg2 Nce4 11. O-O Nxc3 12. bxc3 Bd7 $11 {
Nikolic,P-Seirawan,Y/Barcelona WCup 1989 (44)}) 5. c4 Nxc5 6. Nc3 Nf6 7. g3 Be7
8. Bg2 O-O 9. cxd5 exd5 10. O-O Bg4 $5 11. h3 Be6 12. Nd4 Rc8 13. Rc1 a6 $132 {
Rausis,I-Ponomariov,R/Enghien-les-Bains 1999}) 4... a5 5. c3 axb4 6. cxb4 b6 7.
a4 (7. Bb2 Nf6 8. Qc2 bxc5 9. bxc5 Qa5+ 10. Nbd2 Bxc5 11. Bc3 Qa7 12. e3 Nbd7
$132 {Pietsch,A-Bulthaupt,F/Germany 1997}) 7... bxc5 8. b5 Nf6 9. e3 Ne4 $6 {
Very dubious move after which white manages to develop very dangerous
initiative.} (9... Bb7 10. Be2 Bd6 11. O-O O-O 12. Bb2 Nbd7 $13) 10. Be2 Qa5+
11. Nfd2 Be7 (11... c4 12. O-O Nc5 13. Qc2 Be7 14. Nc3 Nbd7 15. Bb2 $14) 12.
O-O Bf6 13. Ra2 Nd6 $6 {Another inaccuracy leading to tough consequances for
black.} (13... Nxd2 14. Bxd2 Qc7 15. a5 O-O 16. Nc3 $14) 14. e4 Bb7 (14... Nxe4
15. Nxe4 dxe4 16. Nd2 Bb7 17. Nc4 $16) 15. Nb3 Qc7 16. exd5 c4 (16... Bxd5 17.
Bf3 Bxf3 18. Qxf3 Ra7 19. Bf4 $16) (16... exd5 17. Bf3 {[%csl Rd5]} c4 18. Nd4
O-O 19. Nc3 $16) 17. Nd4 e5 $2 (17... Bxd5 18. Nc3 $16) 18. Nc6 Nxb5 19. axb5
$1 Rxa2 20. d6 Qc8 21. Bg4 $1 $18 {[%cal Gb1c3,Gc3d5] Black pieces are so
awkwardly placed that white easily carries on the decisive attack.} Nd7 22. Nc3
Ra6 (22... Ra1 23. Nd5 Bg5 24. Qc2 Rxc1 25. Rxc1 Bxc1 26. Qxc1 $18 {[%cal
Gd5b6]}) 23. Nxe5 $1 Bxe5 24. bxa6 Bxa6 25. Re1 {[%cal Ge1e8]} Qc6 26. Bxd7+
Kxd7 27. Qg4+ (27. Rxe5) 27... Kxd6 28. Ba3+ Kc7 29. Rxe5 Kb6 30. Nd5+ 1-0

[Event "Moscow Aeroflot op-A"]
[Site "Moscow"]
[Date "2004.02.21"]
[Round "5"]
[White "Romanishin, Oleg M"]
[Black "Moiseenko, Alexander"]
[Result "1-0"]
[WhiteElo "2537"]
[BlackElo "2623"]
[Annotator "Finkel,A"]
[PlyCount "119"]
[EventDate "2004.02.17"]
[EventType "swiss"]
[EventRounds "9"]
[EventCountry "RUS"]
[SourceTitle "CBM 100"]
[Source "ChessBase"]
[SourceDate "2004.06.01"]
[SourceVersion "1"]
[SourceVersionDate "2004.06.01"]
[SourceQuality "1"]

1. d4 Nf6 2. Nf3 e6 3. g3 c5 4. Bg2 cxd4 5. O-O d5 6. Nxd4 e5 7. Nb3 Be6 8. Nc3
Bb4 9. f4 (9. Bg5 $5 Bxc3 10. Bxf6 Qxf6 11. bxc3 e4 12. c4 dxc4 13. Nc5 O-O 14.
Nxe4 $14 {Kharitonov,A-Graf,A/Frunze 1988}) 9... exf4 10. Bxf4 {Another
promising possibility is} (10. gxf4 $5 Bxc3 11. bxc3 O-O 12. Ba3 Re8 13. c4 Qc8
14. cxd5 Bh3 15. Bxh3 Qxh3 16. Rf3 Qh5 17. c4 $16 {Konopka,M-Vesselovsky,S/
Czechia 1999}) 10... Bxc3 11. bxc3 O-O 12. Nd4 Nbd7 (12... Qc8 13. Rb1 b6 14.
Nxe6 fxe6 15. Qd3 Nbd7 16. c4 Nc5 17. Qd4 Nce4 18. Be5 $14) 13. Rb1 Qa5 (13...
Qc8) 14. c4 $1 {[%cal Gg2b7] The white bishop needs some space!} Nb6 (14...
Qxa2 15. Nxe6 fxe6 16. Bd6 Rfe8 17. cxd5 Nxd5 18. Rxb7 $16) 15. Rb5 Qxa2 (15...
Qa6 $5 16. Bg5 Ne4 17. cxd5 Nxg5 18. dxe6 Nxe6 19. Nxe6 fxe6 20. Rxf8+ Rxf8 $13
) 16. c5 Nbd7 17. Bd6 Rfc8 18. Nxe6 fxe6 19. Bh3 $16 {White bishops dominate
the black knights.} Qa6 (19... Re8 20. Rxb7 Qa6 21. Rc7 Rac8 22. Qd3 Qxd3 23.
exd3 Rxc7 24. Bxc7 Nxc5 25. Ra1 $14) 20. Bxe6+ Kh8 21. Qd3 Rxc5 $6 {Hoping to
hold on being an exchange down, but it proves to be very tough task.} (21...
Qc6) 22. Bxc5 Qxe6 23. Bd4 $16 b6 24. Rbb1 (24. Rb3) 24... h6 25. Qf5 Qc6 (
25... Qxf5 26. Rxf5 Kg8 27. Rf3 Rc8 28. Rb2 Rc4 29. Bxf6 Nxf6 30. Ra3 $16) 26.
Rb3 Rf8 27. Rbf3 Nc5 28. Bxf6 Rxf6 29. Qe5 Ne4 30. Rxf6 Nxf6 31. Qb8+ Kh7 32.
Qxa7 Qc5+ 33. Kh1 Kg6 34. Qa4 Qe3 35. Qb5 Qe4+ 36. Rf3 Qxc2 37. Qd3+ Qxd3 38.
Rxd3 Kf5 39. Kg2 Ke4 40. Rb3 Nd7 41. Ra3 Nc5 $6 (41... Ne5 42. Ra7 g6 43. Rb7
Nc4 44. Rg7 Ne5 $16) 42. Ra7 Kd4 (42... g6) 43. Rxg7 $18 b5 44. Rg6 b4 (44...
h5 45. h4 b4 46. g4 hxg4 47. h5 b3 48. h6 $18) 45. Rxh6 b3 46. Rb6 Kc3 47. Rc6
$1 Kc4 48. Rf6 b2 49. Rf1 Nb3 50. Rb1 Kc3 51. h4 Nd2 52. Rxb2 Kxb2 53. h5 Ne4
54. Kf3 Kc3 55. Kf4 Kd2 56. h6 Nd6 57. h7 Nf7 58. e3 Nh8 59. g4 Kd3 60. g5 1-0

[Event "Bundesliga 0203"]
[Site "Germany"]
[Date "2003.02.09"]
[Round "11.3"]
[White "Sokolov, Ivan"]
[Black "Hansen, Sune Berg"]
[Result "1-0"]
[WhiteElo "2684"]
[BlackElo "2555"]
[Annotator "Finkel,A"]
[PlyCount "105"]
[EventDate "2002.10.19"]
[EventType "team-tourn"]
[EventRounds "15"]
[EventCountry "GER"]
[SourceTitle "CBM 094"]
[Source "ChessBase"]
[SourceDate "2003.05.26"]
[SourceVersion "1"]
[SourceVersionDate "2003.05.26"]
[SourceQuality "1"]
[WhiteTeam "Porz"]
[BlackTeam "Hamburger SK"]
[WhiteTeamCountry "GER"]
[BlackTeamCountry "GER"]

1. d4 d5 2. Nf3 Nc6 {During the last couple of years Chigorin defense has
become quite popular due to the efforts of Alexander Morozevich.} 3. Bf4 {
Harmless variation promisng white minimal advantage.} (3. c4 $5) 3... Bg4 4. e3
e6 5. Nbd2 Bd6 6. c3 Nge7 7. Qb3 Rb8 (7... O-O 8. Bd3 (8. h3 Bxf3 9. Nxf3 Bxf4
10. exf4 Qd6 11. g3 $14 {Wegerer,F-Eibersberger,M/Oberpullendorf 2002}) 8...
Qd7 9. Bg3 f5 10. Bf4 Ng6 11. g3 Na5 12. Qb5 Qxb5 13. Bxb5 Bxf3 14. Nxf3 h6 $11
{Buhr,C-Sell,A/Germany 1993}) 8. Bd3 a6 9. O-O O-O 10. Rfe1 h6 11. Bg3 (11. Qc2
Bf5 12. Bg3 Bxd3 13. Qxd3 Bxg3 14. hxg3 Ng6 15. e4 dxe4 16. Qxe4 Nce7 $11)
11... Nf5 12. e4 $1 {Definitly the best chance to fight for the advantage.} (
12. Bxd6 Nxd6 $5 (12... cxd6 13. h3 Bxf3 14. Nxf3 Nh4 15. Nd2 $1 $14) 13. Rac1
(13. Ne5 Nxe5 14. dxe5 Bf5 $1 15. Qc2 Bxd3 16. Qxd3 Nf5 $11) 13... f5 14. c4
Bxf3 15. gxf3 (15. Nxf3 Nxc4 16. Bxc4 Na5 17. Qc2 Nxc4 18. b3 Nd6 19. Qxc7 Rc8
$11) 15... Qg5+ 16. Kh1 Nxd4 $5 {[%csl Rd2]} 17. exd4 Qxd2 18. cxd5 Qxf2 (18...
exd5 19. Red1 Qxf2 20. Qxd5+ Kh8 21. Rxc7 Rbd8 $132) 19. Rf1 Qxd4 20. dxe6 $44)
12... dxe4 13. Rxe4 Nxg3 (13... Bxf3 14. Nxf3 Nxg3 15. hxg3 Ne7 16. Rae1 c5 17.
Bb1 $36 {[%cal Gb3c2]}) 14. Rxg4 Nh5 15. Re1 $14 Ne7 16. Ne4 $2 {[%csl Rg4] It
was just about time to escape with the rook.} (16. Ne5 $6 Nd5 17. Bb1 $5 (17.
Rge4 Nhf4 $36 {[%cal Gf7f5,Gd8g5]}) 17... f5 18. Rg6 Qe8 {[%csl Rg6]} 19. g3 $8
Bxe5 20. Rxe6 $8 Qxe6 21. Rxe5 Qf7 22. Rxd5 g6 $15) (16. Rge4 $1 $14) 16... Nd5
$15 {[%cal Gh5f4,Gf7f5]} 17. Rh4 Ndf4 18. Qd1 $6 {Another inaccuracy after
which white has to give up an exchnage just for free. It's true that black
still has to work hard to win the game, but more stubborn defense was} (18.
Nxd6 cxd6 19. Bb1 g5 20. Qc2 f5 21. Rxh5 Nxh5 22. Rxe6 Nf4 23. Re1 (23. Rxh6 $2
Kg7 {[%csl Rh6]}) 23... Qf6 $15) 18... Be7 19. Rxh5 Nxh5 20. Bc2 Bd6 (20... Nf6
$6 21. Qd3 g6 22. Nxf6+ Bxf6 23. Rxe6 $1 Bg7 24. Re1 $13) 21. Qd3 g6 22. g3 Re8
(22... Nf6 $5 23. Nxd6 Qxd6 24. Ne5 Qe7 $17) 23. b4 Bf8 $6 {Bringing the
bishop to g7 just to trade it for the knight on e5 is waste of time.} (23...
Nf6) 24. Ne5 Bg7 25. Nc5 Bxe5 26. Rxe5 Ng7 $6 (26... Nf6 27. h4 (27. Nxe6 Rxe6
28. Rxe6 fxe6 29. Qxg6+ Kf8 30. Qxh6+ Ke7 $19) 27... h5 28. Rg5 Qe7 29. Bb3 $15
) 27. Qd2 $1 Kh7 28. h4 {[%cal Gh4h5]} b6 (28... h5) 29. Nd3 $5 {[%cal Gd3f4,
Gh4h5]} (29. Nxa6 Ra8 30. b5 c5 31. h5 cxd4 32. cxd4 $13) 29... f6 $2 {[%csl
Rg6] This move is very difficult to explain. Black creates a weakness in his
own camp for no particular reason.} 30. Re2 e5 31. dxe5 fxe5 32. Re4 $1 $44 {
[%cal Gd2e2,Gd3e5]} Nh5 (32... Qd5 33. Qe2 Qxa2 $2 34. Nxe5 Re6 35. Nxg6 $1
Rxg6 36. Rg4 $18) 33. Qe2 Nf6 34. Rxe5 Nd7 35. Re3 $1 (35. Re6 Nf8 (35... Rxe6
$6 36. Qxe6 Qe8 37. Qc6 Rc8 38. h5 $40) 36. Rxe8 Qxe8 37. Ne5 Kg7 38. f4 Qe6
$13) 35... Kg7 36. Nf4 Rxe3 (36... Nf8 37. Bxg6 $1 Nxg6 38. Qg4 Qd6 39. Ne6+
Kh7 40. h5 Rg8 41. Qf5 $18) 37. Qxe3 Nf8 38. Qe5+ Kg8 39. h5 $1 $18 Qd6 (39...
gxh5 40. Bb3+ Kh7 41. Nxh5 $18 {[%cal Ge5g7,Gh5f6]}) 40. Bb3+ Kh7 41. hxg6+
Nxg6 42. Qxd6 cxd6 43. Bc2 Rc8 44. Bxg6+ Kg7 45. Bd3 Rxc3 46. Bxa6 Rc2 47. a4
Rd2 48. Bb7 Ra2 49. Bc6 Rc2 50. b5 Ra2 51. Nd5 Rxa4 52. Nxb6 Ra1+ 53. Kg2 1-0

[Event "Beijing zt 3.3"]
[Site "Beijing"]
[Date "2005.10.24"]
[Round "7"]
[White "Wu, Wenjin"]
[Black "Ye, Rongguang"]
[Result "1-0"]
[WhiteElo "2523"]
[BlackElo "2472"]
[Annotator "Finkel,A"]
[PlyCount "57"]
[EventDate "2005.10.20"]
[EventType "tourn"]
[EventRounds "9"]
[EventCountry "CHN"]
[EventCategory "10"]
[SourceTitle "CBM 110"]
[Source "ChessBase"]
[SourceDate "2006.01.31"]
[SourceVersion "1"]
[SourceVersionDate "2006.01.31"]
[SourceQuality "1"]

1. Nf3 d5 2. d4 a6 3. g3 Nf6 4. Bg2 Bf5 5. O-O e6 6. c4 c6 7. Nc3 (7. Qb3 b5 8.
cxd5 cxd5 9. a4 b4 10. a5 Bxb1 11. Qa4+ Qd7 12. Qxd7+ Nfxd7 13. Rxb1 Nc6 14.
Ra1 Be7 15. Bd2 f6 16. Rfc1 Rc8 17. Bh3 $14 {Jukic,M-Djukic,Z/Cetinje 1990})
7... b5 8. cxd5 cxd5 9. Nh4 Bg4 (9... Bg6 10. Nxg6 hxg6 11. e4 dxe4 (11... b4
12. exd5 bxc3 13. dxe6 Ra7 14. Qa4+ Ke7 15. exf7 $16) 12. Nxe4 Nd5 13. Nc3 Nxc3
14. bxc3 Ra7 15. a4 b4 16. cxb4 Bxb4 17. d5 $14) 10. h3 Bh5 11. g4 b4 (11...
Bg6) 12. gxh5 bxc3 13. bxc3 Nxh5 14. Nf3 Bd6 (14... Nf6 15. c4 Bd6 16. cxd5
exd5 17. Ne5 Nbd7 18. Bf4 Qe7 $14) 15. e4 $1 dxe4 16. Ng5 Nf4 $1 (16... Nf6 17.
Nxe4 Nxe4 18. Bxe4 Ra7 19. c4 $14) 17. Bxf4 Bxf4 18. Nxe4 Ra7 19. d5 $6 (19.
Qg4 Bh6 20. f4 g6 21. Qg3 O-O 22. f5 $36) 19... exd5 (19... O-O 20. Qd4 Rd7 21.
Nc5 e5 22. Qe4 Rc7 $13) 20. Qd4 Re7 $2 (20... Nc6 21. Qxg7 Be5 22. Qh6 dxe4 23.
Qxc6+ Kf8) 21. Qxg7 Be5 22. Nf6+ Bxf6 23. Qxf6 Rg8 24. Rad1 $16 Nd7 (24... Rd7
25. Rfe1+ Kf8 26. Qh6+ Rg7 27. Re5 d4 28. cxd4 Rxd4 29. Rde1 Rd1 $16) 25. Qf5
Re5 26. Rfe1 Qe7 $2 27. Rxe5 Qxe5 28. Qxe5+ Nxe5 29. Re1 {[%cal Gf2f4]} 1-0

[Event "Solin 7th"]
[Site "Solin"]
[Date "1999.12.15"]
[Round "4"]
[White "Cebalo, Miso"]
[Black "Kovacevic, Vlatko"]
[Result "0-1"]
[WhiteElo "2453"]
[BlackElo "2492"]
[Annotator "Finkel,A"]
[PlyCount "126"]
[EventDate "1999.12.10"]
[EventType "tourn"]
[EventRounds "9"]
[EventCountry "CRO"]
[EventCategory "13"]
[SourceTitle "CBM 075"]
[Source "ChessBase"]
[SourceDate "2000.04.05"]
[SourceVersion "1"]
[SourceVersionDate "2000.04.05"]
[SourceQuality "1"]

{[%mdl 6144]} 1. d4 {Hecht.} e6 2. Nf3 d5 3. Bg5 Be7 $5 4. Bxe7 Nxe7 5. e3 (5.
Nbd2 O-O (5... c5 6. e3 Qb6 7. Rb1 Nbc6 8. dxc5 Qxc5 9. c4 O-O 10. cxd5 Nxd5
$11 {Bacrot,E-Godena,M/Formia op 1994}) 6. e4 dxe4 7. Nxe4 Nbc6 8. c3 Qd5 9.
Ng3 Rd8 10. Qd2 e5 $11 {Stefanova,A-Godena,M/Cannes op 1996}) 5... c5 $5 {
This variation promises black good chanses to equalize.} (5... O-O 6. c4 c5 $1
7. dxc5 (7. cxd5 Nxd5 8. e4 Nf6 9. Nc3 cxd4 10. Qxd4 Qxd4 11. Nxd4 e5 12. Nf3
Nc6 $11) 7... Qa5+ 8. Nc3 dxc4 9. Bxc4 (9. Qd4 Rd8 10. Qxc4 Na6 11. Qa4 Qxc5
12. Be2 Bd7 $11) 9... Qxc5 10. Qd4 Qa5 $1 $11 {Nikolic,P-Piket,J/Bosnia 1998})
6. c4 ({White can hardly hope to get an opening advantage after 6.c3:} 6. c3
Qb6 (6... b6 7. Bd3 Nd7 8. Nbd2 Bb7 9. O-O Qc7 10. e4 dxe4 11. Nxe4 Rd8 $132 {
Ziembinski,M-Orlowski,R/POL-chT Augustow}) 7. Qc2 Nbc6 8. Bd3 Bd7 9. O-O Rc8
10. a3 $13 {Lupu,M-Bakus,M/Paris op 1997}) 6... cxd4 7. exd4 $5 O-O 8. Nc3 Nbc6
9. Rc1 $6 {Inaccuracy permitting black to get better chanses.} (9. Qd2 b6 10.
cxd5 Nxd5 11. Bd3 Bb7 12. O-O $13 {with mutual chanses.}) 9... dxc4 $1 10. Bxc4
Nf5 $36 {[%csl Rd4]} 11. Ne2 $6 ({Of course white doesn't play} 11. d5 $5 exd5
12. Bxd5 Re8+ 13. Kf1 Be6 14. g3 Bxd5 15. Nxd5 Nfd4 $5 $15 {and white has to
play carefully not to find himself in troubles,but it was better option than
the move in the game.}) 11... Qa5+ 12. Rc3 Nd6 $1 {Black is not satisfied with
equality after} (12... Rd8 13. O-O Qb6 14. Rb3 Qc7 15. Bd3 e5 16. dxe5 Nxe5 17.
Nxe5 Qxe5 $11 {and fights for more.}) 13. Bd3 Nb4 $6 {Also after this move
black gets better chanses,but why not to take the pawn?} (13... Qxa2 $1 $17 14.
Qc2 h6 15. Ra3 Qd5 16. Nf4 Nxd4 $1) 14. O-O Nxd3 15. Qxd3 b6 ({For some reason
black again refuses to take the pawn:} 15... Qxa2 $1 16. Ng5 g6 (16... Nf5 $6
17. g4 h6 18. gxf5 hxg5 19. f6 gxf6 20. Ng3 $44 {[%cal Gf2f4,Gg3h5]}) 17. Qh3
h5 $17 {and white's attempts to create something on the kingside fail and
black is just a pawn up.}) 16. Ra3 Qf5 17. Qxf5 Nxf5 $15 18. Ng3 $6 {Now black
gets very comfortable advantage,so better was} (18. Rc1 $5 Nd6 $1 (18... f6 $6
19. Rc7 Rf7 20. Rac3 Bd7 21. Nf4 $14) 19. Ne5 f6 20. Nc6 Rf7 21. Rac3 Rc7 $15)
18... Nxg3 19. fxg3 (19. hxg3 $5) 19... Bb7 20. Rc1 f6 $1 21. Rc7 Rf7 22. Rac3
Re8 23. Kf2 Rfe7 $5 {Preparing to bring the king to the center.} (23... Kf8 $5)
24. g4 h6 25. g3 (25. h4 g5 $5 {[%csl Rg4]}) 25... Kf7 26. Rxe7+ Rxe7 27. Ke3
Rd7 28. Nd2 Ke7 29. a3 Kd8 (29... g5 30. Ne4 e5 $5 31. Rd3 Ke6 32. Nc3 exd4+
33. Rxd4 Rxd4 34. Kxd4 Bf3 35. Nb5 a5 36. Nc3 $1 $15) 30. h4 Rc7 (30... g5) 31.
g5 $5 (31. Rxc7 {Hecht} Kxc7 32. g5 hxg5 33. hxg5 fxg5 34. Nb1 Kd6 35. Nc3 $15)
31... Rxc3+ $5 (31... fxg5 32. hxg5 hxg5 33. Nf3 Bxf3 34. Kxf3 Rxc3+ 35. bxc3
Ke7 36. c4 $11) 32. bxc3 hxg5 33. hxg5 fxg5 34. Ne4 $6 {Also after this move
the position remains drawing,but white has to work hard to make a draw,while
after Hecht: 'Ex oder hopp!'} (34. Nf3 $1 Bxf3 35. Kxf3 Ke7 (35... b5 36. Kg4
Ke7 37. Kxg5 Kf7 38. Kf4 Kf6 39. Ke4 $11) 36. c4 Kf6 37. Ke4 $11 {white's
chanses are not worse.}) (34. Nc4 {Hecht} Kc7 35. Ne5 b5 $15) 34... Bxe4 35.
Kxe4 b5 {'!' Hecht. Hecht: 'Ein sehr wichtiger Zug. Der Raumvorteil kann Weiß
sowieso nicht genommen werden. Jetzt gewinnt Schwarz am Damenflügel Tempozüge,
und das Nehmen des schwarzen Doppelbauern wird Weiß Zeit kosten. '} 36. Ke5 Kd7
37. g4 a6 $1 38. d5 exd5 39. Kxd5 Kc7 40. Ke5 {'!?' Hecht.} ({After} 40. Kc5
Kb7 41. c4 bxc4 42. Kxc4 Kc6 43. a4 (43. Kb4 Kd5 (43... Kb6 44. a4 a5+ 45. Kc4
Kc6 46. Kd4 Kd6 47. Kc4 $11) 44. Ka5 Ke4 45. Kxa6 Kf4 46. Kb5 (46. a4 {Hecht}
Kxg4 47. a5 Kf5 48. Kb7 g4 49. a6 g3 50. a7 g2 51. a8=Q g1=Q 52. Qf8+ $11)
46... Kxg4 47. a4 Kh5 48. a5 g4 49. a6 g3 50. a7 g2 51. a8=Q g1=Q $17) 43... a5
44. Kd4 Kd6 45. Kc4 (45. Ke4 Kc5 46. Kf5 Kb4 47. Kxg5 Kxa4 48. Kg6 Kb3 49. Kxg7
a4 50. g5 a3 $19) 45... Ke5 46. Kb5 Kf4 47. Kxa5 Kxg4 48. Kb5 Kh5 $1 {arises
queens ending with g-pawn.}) 40... Kc6 41. Kf5 Kd5 42. Kxg5 Kc4 43. Kg6 Kxc3
44. Kxg7 Kb3 45. g5 Kxa3 46. g6 b4 47. Kh6 b3 48. g7 b2 49. g8=Q b1=Q {Hecht:
'[#] Remis gemäß Tablebase 1.0, weil der weiße König optimal steht. '} 50. Qg3+
Ka4 51. Qg4+ Qb4 52. Qd1+ Kb5 53. Qd7+ Kb6 54. Qd8+ Ka7 55. Kg5 $6 {White
chooses to come closer with the king,which is not such a good plan in this
kind of endings.} a5 56. Qc7+ Ka6 57. Qc6+ Qb6 58. Qc8+ Kb5 59. Kf4 {Hecht:
'Der Kurs des weißen Königs ist gefährlich. Er sollte besser im Nordosten
bleiben. '} (59. Qd7+ Qc6 60. Qd3+ Qc4 61. Qd7+ Kb4 62. Qd2+ Qc3 63. Qf4+ Kb3
$17) 59... a4 {'?' Hecht.} (59... Qd4+ $1 {Hecht} 60. Kf3 a4 $19 {Der weiße
König steht genau im falschen Brettsektor!}) 60. Ke4 Qd6 $1 $19 61. Qb7+ Kc4
62. Qf7+ Kc3 63. Qb7 {'?' Hecht.} Kc2 {'?' Hecht. Hecht: 'Der Schluss ist
nicht nachvollziehbar, denn der Textzug macht nach Da8 oder Dc8+ oder Kf5(!)
nur remis, während'} (63... Qb4+ {Hecht} 64. Qxb4+ Kxb4 65. Kd3 Kb3 $19 {
gewonnen hätte. Hatte der Faktor Bedenkzeit entscheidende Bedeutung?!}) 0-1